000 00734cab a2200241 4500
001 WB3301-25
008 090401t1997 xxu||||| |||| 00| 0 eng d
035 _a(Sirsi) u12888
041 _aeng
245 _aNew heritage trust
260 _c1997
350 _a0
490 _aGuardian
_v2 January 1997, 2(2)
520 _aPrince Charles has set up a heritage trust to tackle the growing problem of decay in Britain`s historic buildings. The Phoenix Trust will be officially launched in Spring 1997.
650 _aHERITAGE LOTTERY FUND
650 _aHISTORIC BUILDINGS
650 _aLISTED BUILDINGS
650 _aPHOENIX TRUST
650 _aPRINCE CHARLES
690 _aCONSERVATION
942 _n0
948 _c04/03/1997
999 _c8272
_d8272